000
00328 a2200157 4500
001
71278
020
_a
040
_c
Anchieta - Colégio São Paulo
100
_a
Orthof, Sylvia
240
1
0
_a
Malaquias
_l
por
245
1
0
_a
Malaquias
300
_a
23
362
0
_a
1995
650
4
_a
Literatura infanto-juvenil
942
_c
BK
999
_c
71278
_d
71278